000 00571nam a2200241Ia 4500
003 OSt
005 20220912145432.0
006 a|||||r|||| 00| 0
007 ta
008 220909b |||||||| |||| 00| 0 eng d
024 _a66652
037 _cTextual
040 _aCSL
_beng
_cCSL
041 _aeng
082 _aF58, J0 CL
100 _aKierstead Sallie Pease
245 0 _aNatural dyes
260 _c1950
300 _ap.
_ccm.
650 _aDye
942 _hF58, J0 CL
_cTEXL
_2CC
999 _c31824
_d31824